Opera intermezzi (Karajan)-Lp Angel 35793 (Record n. 103508)

Dettagli MARC
000 -LEADER
fixed length control field 02194njm a2200385Ia 4500
001 - CONTROL NUMBER
control field 23802
003 - CONTROL NUMBER IDENTIFIER
control field IT-RoPAU
005 - DATE AND TIME OF LATEST TRANSACTION
control field 20220918181207.0
008 - FIXED-LENGTH DATA ELEMENTS--GENERAL INFORMATION
fixed length control field 131025s9999 xx 000 0 und d
040 ## - CATALOGING SOURCE
Original cataloging agency IT-RoPAU
040 ## - CATALOGING SOURCE
Transcribing agency IT-RoPAU
999 ## - SYSTEM CONTROL NUMBERS (KOHA)
Koha Dewey Subclass [OBSOLETE] n.d.
100 ## - MAIN ENTRY--PERSONAL NAME
Personal name AA.VV.
9 (RLIN) 794
100 ## - MAIN ENTRY--PERSONAL NAME
Relator term Autore musica
9 (RLIN) 6002
100 ## - MAIN ENTRY--PERSONAL NAME
Miscellaneous information Codice autore musica SPICS: 12000
9 (RLIN) 796
245 ## - TITLE STATEMENT
Title Opera intermezzi (Karajan)-Lp Angel 35793
250 ## - EDITION STATEMENT
Edition statement 1a ed.
260 ## - PUBLICATION, DISTRIBUTION, ETC. (IMPRINT)
Place of publication, distribution, etc. NEW YORK
260 ## - PUBLICATION, DISTRIBUTION, ETC. (IMPRINT)
Name of publisher, distributor, etc. ANGEL RECORDS
Date of publication, distribution, etc. 1959 [1a Ed.:1959]
300 ## - PHYSICAL DESCRIPTION
Extent DISCO
500 ## - GENERAL NOTE
General note Musica operistica. Musica classica. Opera lirica, intermezzi
505 ## - FORMATTED CONTENTS NOTE
Formatted contents note Manon Lescaut: intermezzo (Puccini-Karajan) - La Traviata: Prelude Act III - I Pagliacci (Leoncavallo-Karajan) - L'amico Fritz: atto III (Mascagni) - Notre Dame (Schmidt-Karajan) - The Trojans: Royal Hunt and Storm Act III - Khovantschina (Musorgskij/Rimskij-Korsakov) Entr'Acte Act 4 - Les Contes d'Offmann: Barcarolle Act 2 - Goyescas (Granados-Karajan)
511 ## - PARTICIPANT OR PERFORMER NOTE
Participant or performer note Philharmonia Orchestra diretta da Karajan Herbert Von
650 ## - SUBJECT ADDED ENTRY--TOPICAL TERM
Topical term or geographic name as entry element OPERA [DISCHI]
Relator term Codice MATERIA SPICS: 9950
9 (RLIN) 961
700 ## - ADDED ENTRY--PERSONAL NAME
Personal name Puccini Giacomo
Dates associated with a name Codice autore musica SPICS: 11082
Relator term Autore musica
Name of part/section of a work Manon Lescaut: intermezzo
9 (RLIN) 6003
700 ## - ADDED ENTRY--PERSONAL NAME
Personal name Verdi Giuseppe
Dates associated with a name Codice autore musica SPICS: 89
Relator term Autore musica
Name of part/section of a work La Traviata: Prelude Act III
9 (RLIN) 6004
700 ## - ADDED ENTRY--PERSONAL NAME
Personal name Leoncavallo Ruggiero
Dates associated with a name Codice autore musica SPICS: 11470
Relator term Autore musica
Name of part/section of a work I Pagliacci
9 (RLIN) 6005
700 ## - ADDED ENTRY--PERSONAL NAME
Personal name Mascagni Pietro
Dates associated with a name Codice autore musica SPICS: 11012
Relator term Autore musica
Name of part/section of a work L'amico Fritz: atto III
9 (RLIN) 6006
700 ## - ADDED ENTRY--PERSONAL NAME
Personal name Schmidt Franz
Dates associated with a name Codice autore musica SPICS: 1467
Relator term Autore musica
Name of part/section of a work Notre Dame
9 (RLIN) 6007
700 ## - ADDED ENTRY--PERSONAL NAME
Personal name Berlioz Hector
Dates associated with a name Codice autore musica SPICS: 9293
Relator term Autore musica
Name of part/section of a work The Trojans: Royal Hunt and Storm Act III
9 (RLIN) 6008
700 ## - ADDED ENTRY--PERSONAL NAME
Personal name Rimskij-Korsakov Nikolai
Dates associated with a name Codice autore musica SPICS: 10687
Relator term Autore musica
Name of part/section of a work Khovantschina Entr'Acte Act 4
9 (RLIN) 6009
700 ## - ADDED ENTRY--PERSONAL NAME
Personal name Offenbach Jacques
Dates associated with a name Codice autore musica SPICS: 11045
Relator term Autore musica
Name of part/section of a work Les contes d'Offmann: Barcarolle Act 2
9 (RLIN) 6010
700 ## - ADDED ENTRY--PERSONAL NAME
Personal name Granados Y Campina Enrique
Dates associated with a name Codice autore musica SPICS: 13819
Relator term Autore musica
Name of part/section of a work Goyescas
9 (RLIN) 6011
942 ## - ADDED ENTRY ELEMENTS (KOHA)
Koha item type DISCHI
Source of classification or shelving scheme Dewey Decimal Classification
Dati di copia
Withdrawn status Lost status Damaged status Not for loan Home library Current library Date acquired Total Checkouts Full call number Date last seen Price effective from Koha item type Public note
    Buone Condizioni Not For Loan SPICS-MEDIATECA SPICS-MEDIATECA 25/10/2013   23802 25/10/2013 25/10/2013 DISCHI Progr. Ins.: 4649 / N.Vol.: 1 / Copie: 1 - Copia rara: n.d. / date import: 01.01.2014 - By Epidotti, Trombetti, Vaglietti
CREDITS: SOCIETA' SAN PAOLO Via A.Severo, 58 - ROMA (RM) & PERIODICI SAN PAOLO SRL Via Giotto, 36 MILANO & CISF Via Giotto, 36 MILANO & EDIZIONI SAN PAOLO SRL,  Piazza Soncino, 5 CINISELLO BALSAMO (MI) -- ITALY